[Event "CFriend AM-2003-0-00002 email"]
[Site "Chessfriend.com"]
[Date "2003.03.27"]
[Round "1"]
[White "Volkov, Sergey Yakovlevich"]
[Black "Mrugala, Arthur"]
[Result "0-1"]
[WhiteElo "2627"]
[BlackElo "2321"]
[PlyCount "26"]
[EventDate "2003.??.??"]
[EventType "tourn (corr)"]
[EventRounds "6"]
[SourceTitle "Corr 2008"]
[Source "ChessBase"]
[SourceDate "2008.06.24"]
[SourceVersion "1"]
[SourceVersionDate "2008.06.24"]
[SourceQuality "1"]

1. d4 g6 2. c4 Bg7 3. e4 c5 4. d5 Qa5+ 5. Bd2 Qb6 6. Nc3 d6 7. Nf3 Na6 8. Nb5 Bd7 9. Qb3 Nf6 10. Bd3 0-0 11. 0-0 Nb4 12. Bb1 Bxb5 13. cxb5 a6 0-1